| 000 | 00464nam a2200193Ia 4500 | ||
|---|---|---|---|
| 003 | OSt | ||
| 005 | 20260302160907.0 | ||
| 008 | 210210b1976 xxu||||| |||| 00| 0 eng d | ||
| 040 | _cAL | ||
| 041 | _aEnglish | ||
| 082 | _a820.33 SINT | ||
| 100 |
_aKhushwant Singh _9257276 |
||
| 245 | _aTrain to Pakistan | ||
| 260 |
_aBombay _bIndia Book House Pvt Ltd., _c1976 |
||
| 300 | _a158,ii | ||
| 690 |
_aEnglish Fiction _9257277 |
||
| 906 | _a033165 | ||
| 942 |
_2ddc _cBK |
||
| 999 |
_c84365 _d84365 |
||